[Event "44th Rilton Cup 2014-15"]
[Site "Stockholm SWE"]
[Date "2014.12.30"]
[Round "4.29"]
[White "Adler, Bo"]
[Black "Larsson, Anders"]
[Result "1-0"]
[WhiteElo "2210"]
[BlackElo "2304"]
[WhiteFideId "1702149"]
[BlackFideId "1712128"]
[EventDate "2014.12.27"]

1. d4 d6 2. e4 g6 3. Nc3 Bg7 4. Bc4 c6 5. Qf3 e6 6. Nge2 Nf6 7. O-O Nbd7 8. Be3
O-O 9. Bb3 Qe7 10. Qh3 e5 11. Qh4 exd4 12. Nxd4 Nc5 13. Bg5 Re8 14. Rae1 Nxb3
15. axb3 Qe5 16. Nf3 Qe6 17. e5 1-0

[Event "44th Rilton Cup 2014-15"]
[Site "Stockholm SWE"]
[Date "2014.12.30"]
[Round "4.30"]
[White "Olund, Joar"]
[Black "Rahul Kumar, Pune"]
[Result "1-0"]
[WhiteTitle "FM"]
[WhiteElo "2291"]
[BlackElo "2169"]
[WhiteFideId "1714848"]
[BlackFideId "5010969"]
[EventDate "2014.12.27"]

1. d4 d5 2. c4 c6 3. Nf3 Nf6 4. Nc3 dxc4 5. a4 Bf5 6. Nh4 Bg4 7. h3 Be6 8. e4 g6
9. Nf3 h6 10. Ne5 Bg7 11. Nxc4 O-O 12. Be2 b5 13. axb5 cxb5 14. Nxb5 Nxe4 15.
Qc2 Nf6 16. Ne5 Qb6 17. O-O Nd5 18. Qe4 Rd8 19. Bc4 Nd7 20. Nxf7 N7f6 21. Nxd8
Nxe4 22. Nxe6 Qc6 23. Bxd5 Qxd5 24. Nbc7 Qd7 25. Re1 Rc8 26. Rxe4 Rxc7 27. Nxc7
Qxc7 28. Bf4 Qb7 29. Rae1 Qxb2 30. Rxe7 Bxd4 31. Bg3 a5 32. Rd7 Bxf2+ 33. Bxf2
Qb8 34. Red1 Qb4 35. Ra7 Qb8 36. Rdd7 Qb2 1-0

[Event "44th Rilton Cup 2014-15"]
[Site "Stockholm SWE"]
[Date "2014.12.30"]
[Round "4.31"]
[White "Szente Varga, Fruzsina"]
[Black "Gagarin, Vasilij"]
[Result "1/2-1/2"]
[BlackTitle "IM"]
[WhiteElo "2202"]
[BlackElo "2289"]
[WhiteFideId "712264"]
[BlackFideId "4103610"]
[EventDate "2014.12.27"]

1. e4 c5 2. Nf3 Nc6 3. Bb5 g6 4. O-O Bg7 5. d3 e5 6. Bxc6 bxc6 7. c3 Ne7 8. Be3
d6 9. d4 cxd4 10. cxd4 exd4 11. Bxd4 f6 12. Qb3 Qd7 13. Ng5 Ng8 14. Nh3 Qf7 15.
Qg3 Qe7 16. Nd2 Nh6 17. Nc4 Nf7 18. Na5 O-O 19. f3 Qc7 20. Nb3 a5 21. Rac1 a4
22. Nd2 Ba6 23. Rfd1 Ne5 24. Nf4 Qf7 25. a3 Rac8 26. Rc2 g5 27. Bxe5 fxe5 28.
Nh3 h6 29. Nf2 d5 30. Rdc1 Qe6 31. Ng4 d4 32. Qe1 Rfd8 33. Qd1 Bf8 34. Nc4 d3
35. Rc3 Bc5+ 36. Nf2 Bd4 37. Qxa4 Bxc3 38. Rxc3 Bb5 39. Qb4 Rd4 40. b3 d2 41.
Nd1 Bxc4 42. bxc4 c5 43. Qb5 Rdd8 44. Qb2 Qd6 45. Kf1 Rb8 46. Qc2 Qd4 47. Re3
Rb6 48. Ke2 Rdb8 49. Qa4 Rd6 50. g4 Rbd8 51. Qb5 Kg7 52. a4 R6d7 53. a5 Qd6 54.
Rb3 Ra8 55. Qb6 Qxb6 56. axb6 Rd4 57. b7 Rb8 58. Ne3 d1=Q+ 59. Nxd1 Rxc4 60. Ne3
Rb4 61. Nf5+ Kf6 62. Rd3 Rb6 63. Ne3 Rb2+ 64. Kf1 R8xb7 65. Rd6+ Kf7 66. Rxh6
R7b3 67. Nc4 Rb4 68. Nxb2 Rxb2 69. h4 gxh4 70. Rxh4 c4 71. Rh7+ Kf6 72. Rc7 Rc2
73. Ke1 c3 74. Kd1 Rd2+ 75. Ke1 Rc2 76. Kd1 Rd2+ 77. Ke1 1/2-1/2

[Event "44th Rilton Cup 2014-15"]
[Site "Stockholm SWE"]
[Date "2014.12.30"]
[Round "4.32"]
[White "Wikner, Arvid"]
[Black "Lindbergh, Theodor"]
[Result "1/2-1/2"]
[WhiteElo "2281"]
[BlackElo "2128"]
[WhiteFideId "1702262"]
[BlackFideId "1716956"]
[EventDate "2014.12.27"]

1. e4 Nf6 2. e5 Nd5 3. d4 d6 4. c4 Nb6 5. exd6 cxd6 6. Nc3 g6 7. Be3 Bg7 8. Rc1
O-O 9. b3 Bf5 10. g4 Bd7 11. Bg2 Nc6 12. h3 f5 13. f3 e5 14. d5 Nd4 15. Qd2 Qe7
16. Bg5 Qf7 17. Nce2 Rae8 18. Kd1 Nxe2 19. Nxe2 Rc8 20. Qa5 fxg4 21. fxg4 Qf2
22. Be4 Rf7 23. Rc3 Rcf8 24. Rg3 Nc8 25. Be3 Qf6 26. Rf3 Qh4 27. Bf2 Qg5 28. Be3
Qh4 29. Rxf7 Rxf7 30. Qd2 b6 31. Bg5 Qf2 32. Be3 Qh4 33. Kc2 Qd8 34. Nc3 Qc7 35.
a4 a6 36. Qe2 Na7 37. Ra1 Be8 38. Qg2 Qb8 39. Qg1 Nc8 40. h4 b5 41. axb5 axb5
42. c5 dxc5 43. Bxc5 b4 44. d6 bxc3 45. Ra8 Qb5 46. Rxc8 Qe2+ 47. Kxc3 Qxe4 48.
Rxe8+ Bf8 49. d7 Rf3+ 50. Kb2 Qe2+ 51. Ka3 Qa6+ 52. Kb2 Qe2+ 53. Ka3 Qa6+ 1/2-1/2

[Event "44th Rilton Cup 2014-15"]
[Site "Stockholm SWE"]
[Date "2014.12.30"]
[Round "4.34"]
[White "Kvisvik, Brede"]
[Black "Cafaro, Luca"]
[Result "1-0"]
[WhiteTitle "FM"]
[WhiteElo "2275"]
[BlackElo "2054"]
[WhiteFideId "1502999"]
[BlackFideId "859818"]
[EventDate "2014.12.27"]

1. d4 d5 2. c4 e6 3. Nf3 Nf6 4. g3 c6 5. Bg2 Nbd7 6. O-O Bd6 7. Nfd2 O-O 8. Nc3
Bc7 9. e4 dxe4 10. Ndxe4 e5 11. d5 cxd5 12. cxd5 Nxe4 13. Nxe4 Bb6 14. Bg5 f6
15. Bd2 f5 16. Bg5 Qe8 17. Nd6 Qg6 18. Be7 f4 19. Be4 Qh6 20. Bxf8 Nxf8 21. Nxc8
Rxc8 22. Rc1 fxg3 23. hxg3 Rd8 24. Qg4 Rd6 25. Rc8 Bd8 26. Bf5 Qf6 27. Be6+ Kh8
28. Qb4 Rb6 29. Qh4 g5 30. Qa4 Rxb2 31. Qe8 Be7 32. Rc7 Bd6 33. Rf7 Qh6 34. Kg2
Bc5 35. Rh1 Qg6 36. Rxf8+ 1-0

[Event "44th Rilton Cup 2014-15"]
[Site "Stockholm SWE"]
[Date "2014.12.30"]
[Round "4.35"]
[White "Henriksson, Johan"]
[Black "Liedbeck, Patrik"]
[Result "1/2-1/2"]
[WhiteTitle "FM"]
[WhiteElo "2267"]
[BlackElo "2016"]
[WhiteFideId "1703560"]
[BlackFideId "1718975"]
[EventDate "2014.12.27"]

1. d4 Nf6 2. Nf3 g6 3. g3 d5 4. Bg2 c6 5. O-O Bg7 6. b3 O-O 7. Bb2 Bf5 8. Nh4
Be6 9. Qd3 a5 10. Nd2 a4 11. b4 Qc8 12. c4 Bh3 13. cxd5 Bxg2 14. Nxg2 Nxd5 15.
a3 Na6 16. Nc4 Qd8 17. Na5 Naxb4 18. axb4 Nxb4 19. Nxb7 Nxd3 20. Nxd8 Nxb2 21.
Nxc6 Bf6 22. Ra2 Nc4 23. Ne3 Nxe3 24. fxe3 Kg7 25. Rfa1 Rfc8 26. Nb4 e5 27. Nd5
exd4 28. Nxf6 Kxf6 29. exd4 Rc4 30. e3 Ke6 31. Kf2 Kd5 32. Ke2 Ke4 33. Kd2 Ra6
34. Rf1 f5 35. Rf4+ Kd5 36. g4 fxg4 37. Kd3 Rac6 38. e4+ Kd6 39. Rf6+ Ke7 40.
Rxc6 Rxc6 41. Rxa4 h5 42. d5 Rc1 43. Kd4 Rc2 44. Ke5 Rxh2 45. d6+ Kd7 46. Ra7+
Kc6 47. Rc7+ Kb6 48. Rg7 g3 49. Rxg6 h4 50. Kf4 g2 51. e5 Kc6 52. Rg7 h3 53. d7
Kc7 54. e6 Rh1 55. Rg8 Rf1+ 56. Ke4 Rd1 57. Kf4 g1=Q 58. d8=Q+ Rxd8 59. Rxg1 Re8 1/2-1/2

[Event "44th Rilton Cup 2014-15"]
[Site "Stockholm SWE"]
[Date "2014.12.30"]
[Round "4.36"]
[White "Ask, Josef"]
[Black "Bergstrom, Rolf"]
[Result "0-1"]
[BlackTitle "FM"]
[WhiteElo "2181"]
[BlackElo "2262"]
[WhiteFideId "1704583"]
[BlackFideId "1702386"]
[EventDate "2014.12.27"]

1. e4 b6 2. d4 Bb7 3. Bd3 Nf6 4. Nc3 e6 5. Qf3 d6 6. Nge2 Nbd7 7. Qh3 c5 8. Bg5
Be7 9. Bxf6 Nxf6 10. e5 dxe5 11. dxe5 Nd7 12. f4 Qc7 13. b3 a6 14. a4 g6 15.
O-O-O O-O-O 16. Bc4 Qc6 17. Rhg1 h5 18. Kb1 Nb8 19. Nd5 Bf8 20. Nec3 Ba8 21. Rd3
Kb7 22. Rgd1 Ka7 23. Nb4 cxb4 24. Rxd8 bxc3 25. Qxc3 Bb7 26. g3 h4 27. g4 h3 28.
g5 Qg2 29. Bd5 exd5 30. e6 Nc6 31. R8xd5 fxe6 32. Rd7 Nb4 33. R7d2 Rh7 34. Rxg2
hxg2 35. Qg3 Bc5 36. c3 Nd5 37. Kb2 Nxf4 38. b4 g1=Q 39. Rxg1 Ne2 40. Qd3 Bxg1
41. Qxg6 Rxh2 42. Qf7 Rg2 43. g6 Nf4+ 44. Kb3 Nxg6 45. Qxe6 Nf4 46. Qf7 Nd3 47.
Qh7 Nc1+ 0-1

[Event "44th Rilton Cup 2014-15"]
[Site "Stockholm SWE"]
[Date "2014.12.30"]
[Round "4.37"]
[White "Dragicevic, Drazen"]
[Black "Naslund, Mikael"]
[Result "0-1"]
[WhiteTitle "FM"]
[BlackTitle "FM"]
[WhiteElo "2289"]
[BlackElo "2150"]
[WhiteFideId "1707922"]
[BlackFideId "1708260"]
[EventDate "2014.12.27"]

1. Nf3 Nf6 2. c4 g6 3. b4 Bg7 4. Bb2 O-O 5. g3 c6 6. Bg2 a5 7. b5 cxb5 8. cxb5
d5 9. O-O Nbd7 10. d3 Re8 11. Nbd2 a4 12. Qc2 e5 13. e4 a3 14. Bc3 Bf8 15. Rab1
d4 16. Bb4 Bxb4 17. Rxb4 Nb6 18. Rc1 Bg4 19. Nc4 Nxc4 20. Rxc4 Qd6 21. Rc7 Rec8
22. Nd2 Be6 23. Rxc8+ Rxc8 24. Nc4 Bxc4 25. dxc4 Qb4 26. Bf1 b6 27. f3 Rc7 28.
Rb1 Qd6 29. Bd3 Nd7 30. Qa4 Kg7 31. Kg2 Qe7 32. Be2 h5 33. Rb4 Nc5 34. Qxa3 d3
35. Bd1 Qd6 36. Qc3 h4 37. Rb2 Ra7 38. Rd2 f6 39. a4 g5 40. Be2 h3+ 41. Kf2
Nxe4+ 42. fxe4 Qc5+ 43. Kf3 dxe2 44. Rxe2 Rxa4 45. Re3 Rxc4 46. Qa1 Qc7 47. Qa8
Rc1 48. Kg4 Qd7+ 49. Kh5 Rc8 0-1

[Event "44th Rilton Cup 2014-15"]
[Site "Stockholm SWE"]
[Date "2014.12.30"]
[Round "4.38"]
[White "Mikalsen, Erlend"]
[Black "Johansson, Gunnar"]
[Result "1/2-1/2"]
[WhiteElo "2164"]
[BlackElo "2231"]
[WhiteFideId "1507338"]
[BlackFideId "1703501"]
[EventDate "2014.12.27"]

1. e4 c5 2. Nf3 e6 3. d4 cxd4 4. Nxd4 a6 5. Nc3 Qc7 6. Be2 b5 7. O-O Bb7 8. Re1
Nc6 9. Nxc6 dxc6 10. e5 Rd8 11. Bd3 c5 12. Qg4 Rd4 13. Qg3 h5 14. Be4 Ne7 15.
Qf3 Bxe4 16. Nxe4 Ng6 17. Be3 Nxe5 18. Qf4 Rd5 19. Rad1 Rxd1 20. Rxd1 h4 21. Ng5
Bd6 22. Qe4 Nc6 23. h3 Be7 24. Bf4 Qc8 25. c3 g6 26. Qf3 Rh5 27. Ne4 Rf5 28.
Nd6+ Bxd6 29. Rxd6 Ne7 30. Qg4 Nd5 31. Bg5 f6 32. Qxh4 Ke7 33. Rxd5 exd5 34.
Qh7+ Kd6 35. Be3 g5 36. Qf7 Kc6 37. g4 Re5 38. Qxf6+ Qe6 39. Bxg5 Qxf6 40. Bxf6
Re2 41. g5 Kd6 42. h4 Ke6 43. h5 Kf5 44. h6 Kg6 45. f4 Re4 46. Be5 d4 47. cxd4
cxd4 48. Kf2 d3 49. Bc3 Rxf4+ 50. Ke3 Rf5 51. Kxd3 Rxg5 52. Bg7 Rg4 53. a3 Rh4
54. Ke3 Kf5 55. Kd3 Ke6 56. Ke3 Kf5 57. Kd3 a5 58. Ke3 a4 1/2-1/2

[Event "44th Rilton Cup 2014-15"]
[Site "Stockholm SWE"]
[Date "2014.12.30"]
[Round "4.39"]
[White "Bit-Narva, David"]
[Black "Merkesvik, Sondre"]
[Result "1-0"]
[WhiteElo "1996"]
[BlackElo "2218"]
[WhiteFideId "24128856"]
[BlackFideId "1514350"]
[EventDate "2014.12.27"]

1. d4 Nf6 2. Nf3 g6 3. Nc3 d5 4. Bf4 Bg7 5. Qd2 c5 6. dxc5 Qa5 7. e4 dxe4 8.
Nxe4 Qxd2+ 9. Nexd2 Nfd7 10. O-O-O Nxc5 11. Be5 Bxe5 12. Nxe5 f6 13. Bb5+ Kf8
14. Nef3 a6 15. Bc4 e5 16. b4 Na4 17. Ne4 Ke7 18. Rhe1 Nc6 19. a3 Bg4 20. Bb3
Nb6 21. Nc5 Rab8 22. c3 Nd7 23. Ne4 Rhd8 24. h3 Be6 25. Bxe6 Kxe6 26. Kc2 Ke7
27. g4 Nf8 28. Rxd8 Rxd8 29. Nc5 Ne6 30. Nxb7 Rb8 31. Nc5 Nxc5 32. bxc5 Rb5 33.
Rb1 Rxb1 34. Kxb1 Ke6 35. Kc2 Kd5 36. Nd2 f5 37. Kd3 Na5 38. Nf1 f4 39. Nd2 Nb7
40. c6 Nc5+ 41. Kc2 Kxc6 42. c4 Nb7 43. Kb2 Nd6 44. Kc3 h6 45. Kd3 Kc5 46. Nb3+
Kc6 47. Nd2 Nb7 48. Ke4 Kd6 49. Nb3 a5 50. c5+ Nxc5+ 51. Nxc5 Kxc5 52. Kxe5 g5
53. Kf5 a4 54. Kg6 Kc4 55. Kxh6 Kb3 56. Kxg5 Kxa3 57. Kxf4 Kb4 58. g5 a3 59. g6
a2 60. g7 a1=Q 61. g8=Q Qc1+ 62. Kf3 Qh1+ 63. Qg2 Qd1+ 64. Kg3 Qd6+ 65. f4 Qg6+
66. Kh2 Qd3 67. Qb2+ Kc5 68. Qe5+ Kc6 69. Qe6+ Kc7 70. Qe5+ Kd7 71. h4 Qd2+ 72.
Kg3 Qd3+ 73. Kg4 Qd1+ 74. Kg5 Qg1+ 75. Kf6 Qg8 76. Qf5+ Kd8 1-0

[Event "44th Rilton Cup 2014-15"]
[Site "Stockholm SWE"]
[Date "2014.12.30"]
[Round "4.40"]
[White "Svorono, Gabriel"]
[Black "Eriksson, Jorgen"]
[Result "1-0"]
[WhiteElo "1884"]
[BlackElo "2211"]
[WhiteFideId "1715623"]
[BlackFideId "1701967"]
[EventDate "2014.12.27"]

1. e4 d6 2. d4 Nf6 3. Nc3 e5 4. Nf3 Nbd7 5. Bc4 Be7 6. dxe5 Nxe5 7. Nxe5 dxe5 8.
Qxd8+ Bxd8 9. f3 c6 10. Ke2 Bc7 11. a4 Nd7 12. Be3 Nf8 13. a5 Ne6 14. Rhd1 O-O
15. g3 Rd8 16. Rxd8+ Bxd8 17. Kf2 Kf8 18. f4 exf4 19. gxf4 g6 20. e5 Ng7 21. Ne4
Nf5 22. Bc5+ Be7 23. Bxe7+ Kxe7 24. Ng5 Be6 25. Bxe6 fxe6 26. Rd1 h6 27. Ne4 b6
28. Rg1 Kf7 29. Ra1 bxa5 30. Rxa5 Ne7 31. Kf3 Rb8 32. b3 Nc8 33. Ra6 Rb6 34.
Nd6+ Nxd6 35. Rxb6 axb6 36. exd6 Kf6 37. h4 b5 38. b4 e5 39. fxe5+ Ke6 40. Kg4
Kd7 41. h5 g5 42. Kf5 1-0

[Event "44th Rilton Cup 2014-15"]
[Site "Stockholm SWE"]
[Date "2014.12.30"]
[Round "4.42"]
[White "Vistisen, Lars"]
[Black "Evertsson, Lennart"]
[Result "0-1"]
[WhiteElo "2129"]
[BlackElo "2130"]
[WhiteFideId "1404598"]
[BlackFideId "1705156"]
[EventDate "2014.12.27"]

1. e4 c5 2. Nf3 e6 3. c3 b6 4. d4 Bb7 5. Bd3 Ne7 6. Be3 Qc7 7. Nbd2 Ng6 8. g3 d6
9. h4 Nd7 10. h5 Ne7 11. h6 Ng6 12. Qe2 O-O-O 13. O-O-O Kb8 14. Kb1 Rc8 15. Rh3
Nf6 16. Rdh1 cxd4 17. cxd4 Ng4 18. hxg7 Bxg7 19. Nb3 Nxe3 20. Qxe3 h6 21. Rc1
Qd7 22. Rhh1 f5 23. Nfd2 f4 24. Rxc8+ Rxc8 25. gxf4 Rf8 26. Rg1 Nxf4 27. Bb5 Qe7
28. Rg4 Qf6 29. Nc4 h5 30. Rg1 e5 31. d5 Bh6 32. Nxb6 axb6 33. Qxb6 Qd8 34. Qe3
Rh8 35. Qc3 Qb6 36. a4 Rc8 37. Qf3 Ba6 38. Bc6 Bd3+ 39. Ka2 Qb4 40. Bd7 Bxe4 41.
Qe3 Bc2 42. Rg3 Nd3 0-1

[Event "44th Rilton Cup 2014-15"]
[Site "Stockholm SWE"]
[Date "2015.01.01"]
[Round "5.1"]
[White "Krasenkow, Michal"]
[Black "Grandelius, Nils"]
[Result "1-0"]
[WhiteTitle "GM"]
[BlackTitle "GM"]
[WhiteElo "2614"]
[BlackElo "2581"]
[WhiteFideId "1113100"]
[BlackFideId "1710400"]
[EventDate "2014.12.27"]

1. Nf3 d5 2. d4 Nf6 3. c4 e6 4. e3 c5 5. a3 Nc6 6. dxc5 Bxc5 7. b4 Bd6 8. Bb2
O-O 9. Nbd2 Qe7 10. Bd3 dxc4 11. Nxc4 Bc7 12. O-O a6 13. Nfe5 Nxe5 14. Nxe5 Nd5
15. Rc1 h6 16. Qf3 Qg5 17. h4 Qxh4 18. Rc4 Qf6 19. Qg3 b5 20. Rxc7 Nxc7 21. Nc4
e5 22. Bxe5 Qg5 23. Qxg5 hxg5 24. Nb6 Ra7 25. Rc1 Be6 26. Rxc7 Rxc7 27. Bxc7 f6
28. a4 Rf7 29. Bg3 bxa4 30. Nxa4 Bd7 31. Nc3 1-0

[Event "44th Rilton Cup 2014-15"]
[Site "Stockholm SWE"]
[Date "2015.01.01"]
[Round "5.2"]
[White "Hillarp Persson, Tiger"]
[Black "Hammer, Jon Ludvig"]
[Result "1/2-1/2"]
[WhiteTitle "GM"]
[BlackTitle "GM"]
[WhiteElo "2544"]
[BlackElo "2640"]
[WhiteFideId "1700812"]
[BlackFideId "1503707"]
[EventDate "2014.12.27"]

1. d4 Nf6 2. c4 e6 3. Nc3 Bb4 4. Qc2 O-O 5. a3 Bxc3+ 6. Qxc3 d6 7. e3 b6 8. b3
c5 9. Nf3 Ne4 10. Qc2 Bb7 11. Bb2 f5 12. Be2 Nd7 13. O-O Qe7 14. Ne1 Qg5 15. Qc1
Rac8 16. f3 Nef6 17. Nd3 Rfe8 18. Rd1 e5 19. d5 b5 20. Nf2 bxc4 21. bxc4 Ba6 22.
Bd3 Rb8 23. f4 Qh5 24. Qc2 exf4 25. exf4 Ne4 26. Nxe4 fxe4 27. Be2 Qf7 28. Rf1
Nf6 29. Rae1 Re7 30. Ba1 Rbe8 31. g4 Bc8 32. f5 e3 33. Rf4 Re4 34. Ref1 h6 35.
h4 Rxf4 36. Rxf4 Nh7 37. Re4 Nf6 38. Rxe8+ Qxe8 39. Bf3 h5 40. g5 Ng4 41. f6 Ne5
42. Bxe5 Qxe5 43. Qg6 Qg3+ 44. Bg2 Qf2+ 45. Kh2 Qxh4+ 46. Kg1 Qe1+ 47. Kh2 Qh4+
48. Kg1 Qf2+ 49. Kh2 Qf4+ 50. Kg1 Qf2+ 1/2-1/2

[Event "44th Rilton Cup 2014-15"]
[Site "Stockholm SWE"]
[Date "2015.01.01"]
[Round "5.3"]
[White "Roiz, Michael"]
[Black "Ivanov, Sergey"]
[Result "1-0"]
[WhiteTitle "GM"]
[BlackTitle "GM"]
[WhiteElo "2592"]
[BlackElo "2559"]
[WhiteFideId "2804158"]
[BlackFideId "4101375"]
[EventDate "2014.12.27"]

1. Nf3 Nf6 2. c4 e6 3. Nc3 Bb4 4. Qc2 O-O 5. a3 Bxc3 6. Qxc3 b6 7. e3 Bb7 8. Be2
c5 9. b4 d6 10. Bb2 Nbd7 11. O-O Rc8 12. d4 Qe7 13. Rfd1 Ne4 14. Qe1 Ndf6 15.
dxc5 bxc5 16. h3 Rfd8 17. b5 d5 18. a4 dxc4 19. Bxc4 Nd5 20. Ne5 f6 21. Nf3 Nd6
22. Be2 Nb4 23. Rac1 Be4 24. a5 Bc2 25. Rd2 Bb3 26. Ba3 Ne4 27. Rxd8+ Qxd8 28.
Bxb4 cxb4 29. Rxc8 Qxc8 30. Qxb4 Qc1+ 31. Qe1 Qb2 32. Nd4 Bd5 33. Bf3 e5 34. Nc6
Qxb5 35. Ne7+ Kf7 36. Nxd5 Qxd5 37. Qb4 f5 38. a6 Kf6 39. Qb7 Qc5 40. Bxe4 fxe4
41. Qxe4 g6 42. g4 h5 43. gxh5 gxh5 44. Qh7 Kg5 45. h4+ Kf6 46. Qxh5 Qc1+ 47.
Kg2 Qc4 48. e4 Qd4 49. Qg4 Ke7 50. h5 Qd2 51. Qg6 1-0

[Event "44th Rilton Cup 2014-15"]
[Site "Stockholm SWE"]
[Date "2015.01.01"]
[Round "5.4"]
[White "Smith, Axel"]
[Black "Romanov, Evgeny"]
[Result "1/2-1/2"]
[WhiteTitle "IM"]
[BlackTitle "GM"]
[WhiteElo "2479"]
[BlackElo "2638"]
[WhiteFideId "1707930"]
[BlackFideId "4148843"]
[EventDate "2014.12.27"]

1. d4 d5 2. c4 e6 3. Nc3 Bb4 4. e3 Nf6 5. a3 Bxc3+ 6. bxc3 O-O 7. cxd5 exd5 8.
Bd3 b6 9. Ne2 Ba6 10. O-O Qc8 11. f3 Re8 12. Ng3 Bxd3 13. Qxd3 Qa6 14. Qc2 c5
15. e4 cxd4 16. cxd4 Rc8 17. Qd2 b5 18. e5 Ne8 19. f4 Qa4 20. Nf5 Rc4 21. Qe1
Nc6 22. e6 Qb3 23. Rf3 Qc2 24. exf7+ Kxf7 25. g4 Nxd4 26. Rf2 Qe4 27. Qxe4 dxe4
28. Nxd4 Rxd4 29. Bb2 Rd3 30. Re2 Nd6 31. Be5 Re8 32. Rc1 Nc4 33. a4 Nxe5 34.
fxe5 Rxe5 35. axb5 Rd7 36. Rc4 Rde7 37. Rb4 Kg6 38. Kg2 h5 39. b6 axb6 40. Rxb6+
Kg5 41. gxh5 Kxh5 42. Re3 Rg5+ 43. Rg3 e3 44. Rb1 e2 45. Re1 Rxg3+ 46. Kxg3 g5
47. Kf2 Kh4 48. Rxe2 Rxe2+ 49. Kxe2 Kh3 50. Kf3 g4+ 51. Kf4 Kxh2 52. Kxg4 1/2-1/2

[Event "44th Rilton Cup 2014-15"]
[Site "Stockholm SWE"]
[Date "2015.01.01"]
[Round "5.5"]
[White "Turov, Maxim"]
[Black "Sjodahl, Pontus"]
[Result "1-0"]
[WhiteTitle "GM"]
[BlackTitle "IM"]
[WhiteElo "2591"]
[BlackElo "2421"]
[WhiteFideId "4120086"]
[BlackFideId "1700537"]
[EventDate "2014.12.27"]

1. d4 Nf6 2. c4 e6 3. Nc3 Bb4 4. Qc2 O-O 5. a3 Bxc3+ 6. Qxc3 b6 7. Bg5 Ba6 8.
Qf3 Nc6 9. e3 Na5 10. Rc1 c5 11. d5 exd5 12. Bxf6 Qxf6 13. Qxf6 gxf6 14. cxd5
Bxf1 15. Kxf1 Nb3 16. Rc3 c4 17. Ke2 b5 18. Nh3 Rfe8 19. Rd1 Kg7 20. Nf4 f5 21.
d6 Re5 22. Nd5 Rb8 23. f4 Re6 24. Ne7 Nc5 25. Nxf5+ Kf6 26. Rd5 Nd3 27. Rcxd3
cxd3+ 28. Kxd3 Ree8 29. g4 Rec8 30. g5+ Ke6 31. Re5# 1-0

[Event "44th Rilton Cup 2014-15"]
[Site "Stockholm SWE"]
[Date "2015.01.01"]
[Round "5.6"]
[White "Hagen, Andreas Skytte"]
[Black "Tikkanen, Hans"]
[Result "1/2-1/2"]
[WhiteTitle "IM"]
[BlackTitle "GM"]
[WhiteElo "2430"]
[BlackElo "2551"]
[WhiteFideId "1407341"]
[BlackFideId "1706446"]
[EventDate "2014.12.27"]

1. e4 e6 2. d4 d5 3. Nc3 Bb4 4. e5 c5 5. a3 Ba5 6. b4 cxd4 7. Qg4 Kf8 8. Nb5 Bb6
9. Nf3 Nc6 10. Bb2 Nge7 11. Nbxd4 h5 12. Qg3 h4 13. Qg4 Nf5 14. Nxc6 bxc6 15.
Bd3 a5 16. O-O Ba6 17. Nd4 Bxd3 18. cxd3 Bxd4 19. Bxd4 Rh6 20. Bc5+ Kg8 21. bxa5
Rxa5 22. Rfc1 Qb8 23. Qf4 f6 24. Bd6 Nxd6 25. exd6 e5 26. Qf5 Qxd6 27. Qc8+ Qf8
28. Qxc6 f5 29. Qc3 Rha6 30. Qxe5 Kh7 31. h3 Qf7 32. Rc7 Qg6 33. Rb1 Qg5 34. f4
Qf6 35. Qxf6 Rxf6 36. Rb3 Ra4 37. Rd7 Rd4 38. Kh2 Rg6 39. Rd8 Rxf4 40. Rb4 Rxb4
41. axb4 Rb6 42. Rxd5 Rxb4 43. Rxf5 Rd4 44. Rf3 g5 45. Kg1 Kg6 46. Kf2 g4 47.
hxg4 Rxg4 48. Kf1 Kg7 49. Rf2 Rg3 50. Rd2 h3 51. gxh3 Rxh3 52. d4 Kf6 53. d5 Ke7
54. d6+ Kd7 55. Kg2 Rh6 56. Kf3 Rxd6 57. Rxd6+ Kxd6 1/2-1/2

[Event "44th Rilton Cup 2014-15"]
[Site "Stockholm SWE"]
[Date "2015.01.01"]
[Round "5.7"]
[White "Urkedal, Frode"]
[Black "Lokander, Martin"]
[Result "0-1"]
[WhiteTitle "IM"]
[BlackTitle "FM"]
[WhiteElo "2517"]
[BlackElo "2365"]
[WhiteFideId "1506102"]
[BlackFideId "1709569"]
[EventDate "2014.12.27"]

1. d4 Nf6 2. c4 c5 3. d5 b5 4. cxb5 a6 5. bxa6 g6 6. Nc3 Bg7 7. e4 O-O 8. Nf3
Qa5 9. Bd2 Bxa6 10. Bxa6 Qxa6 11. Qe2 e6 12. dxe6 fxe6 13. Qxa6 Nxa6 14. O-O Nb4
15. Rfd1 Nd3 16. Rab1 Ng4 17. Rf1 Bd4 18. Nxd4 cxd4 19. Nb5 Rxf2 20. Rxf2 Ngxf2
21. e5 Ne4 22. Bh6 Nxe5 23. Re1 d5 24. Nxd4 Ng4 25. Bc1 Kf7 26. a3 e5 27. Nf3
Ke6 28. b4 Ngf2 29. Ng5+ Nxg5 30. Kxf2 Ne4+ 31. Ke3 Rc8 32. Bb2 Nd6 33. Bc1 d4+
34. Kd2 Kd5 0-1

[Event "44th Rilton Cup 2014-15"]
[Site "Stockholm SWE"]
[Date "2015.01.01"]
[Round "5.8"]
[White "Sagit, Rauan"]
[Black "Shimanov, Aleksandr"]
[Result "1-0"]
[WhiteTitle "FM"]
[BlackTitle "GM"]
[WhiteElo "2357"]
[BlackElo "2591"]
[WhiteFideId "1708376"]
[BlackFideId "4198603"]
[EventDate "2014.12.27"]

1. Nf3 d5 2. d4 Nf6 3. g3 g6 4. Bg2 Bg7 5. O-O O-O 6. c4 Nc6 7. cxd5 Nxd5 8. Nc3
Bf5 9. Qb3 Nb6 10. e4 Bg4 11. d5 Na5 12. Qc2 c6 13. h3 Bd7 14. dxc6 Nxc6 15. Rd1
Qc8 16. Kh2 Na5 17. Bd2 Nac4 18. Be1 Qe8 19. Qe2 e6 20. b3 Na3 21. e5 Nb5 22.
Ne4 Nd5 23. a4 Nbc7 24. Rac1 Qe7 25. Nd6 Rab8 26. Bd2 h6 27. Nd4 Rfd8 28. Ba5 b6
29. Be1 Ne8 30. N6b5 Ra8 31. Nc6 Bxc6 32. Rxc6 Rd7 33. Bxd5 exd5 34. e6 fxe6 35.
Rxe6 Qf7 36. Rd3 Bf6 37. Rf3 d4 38. Qe4 Rad8 39. Qc6 Kg7 40. Bb4 d3 41. Rxe8
Qxe8 42. Qxf6+ Kh7 43. Bd2 Qg8 44. Nc3 Qg7 45. Ne4 Rc8 46. Qxg7+ 1-0

[Event "44th Rilton Cup 2014-15"]
[Site "Stockholm SWE"]
[Date "2015.01.01"]
[Round "5.9"]
[White "Martynov, Pavel2"]
[Black "Smirin, Ilia"]
[Result "0-1"]
[WhiteTitle "FM"]
[BlackTitle "GM"]
[WhiteElo "2400"]
[BlackElo "2644"]
[WhiteFideId "4122186"]
[BlackFideId "2801990"]
[EventDate "2014.12.27"]

1. e4 c5 2. Nf3 d6 3. d4 cxd4 4. Qxd4 a6 5. Be2 Nc6 6. Qe3 g6 7. O-O Bg7 8. h3
Nf6 9. c4 Nd7 10. Nc3 O-O 11. Rb1 Nde5 12. Rd1 Nxf3+ 13. Bxf3 Qa5 14. Rd5 b5 15.
cxb5 axb5 16. Rxb5 Qd8 17. e5 Ra6 18. exd6 exd6 19. Bxc6 Rxc6 20. Qf3 Qe8 21.
Bd2 Be6 22. a4 Rc4 23. Ne4 Qa8 24. Rb4 Rxb4 25. Bxb4 Rb8 26. Bxd6 Bf5 27. Re1
Re8 28. Be7 Bxe4 29. Rxe4 Qb7 30. Qe3 Bf8 31. Bxf8 Qxe4 32. Qxe4 Rxe4 33. Bc5
Rxa4 34. g3 Rc4 35. b4 f6 36. Kg2 Kf7 37. h4 Rc3 38. Be3 Rb3 39. Bc5 Ke6 40. Bf8
Kd5 41. Be7 f5 42. Bc5 Ke4 43. Bd6 Rd3 44. Bc5 f4 45. gxf4 Kxf4 46. b5 Kg4 47.
Be3 Kxh4 48. Kf3 Rb3 49. b6 h5 50. Ke4 Kg4 51. f3+ Kg3 52. Bf4+ Kg2 53. Bc7 h4
54. Ke5 h3 55. Kf6 h2 56. Kxg6 0-1